मंटो अदालत के कटघरे में / (Record no. 18236)

MARC details
000 -LEADER
fixed length control field 01441nam a22002777a 4500
005 - DATE AND TIME OF LATEST TRANSACTION
control field 20081107125036.0
008 - FIXED-LENGTH DATA ELEMENTS--GENERAL INFORMATION
fixed length control field 081107t xxu||||| |||| 00| 0 hin d
010 ## - LCCN (DPL NO)
LC control number HIN-84766
020 ## - INTERNATIONAL STANDARD BOOK NUMBER
Terms of availability 250.00
International Standard Book Number 8188377163
035 ## - SYSTEM CONTROL NUMBER
System control number HN-57112
037 ## - SOURCE OF ACQUISITION
Source of stock number/acquisition DBAD / PUB
040 ## - CATALOGING SOURCE
Original cataloging agency DPL
Language of cataloging HN
082 ## - DEWEY DECIMAL CLASSIFICATION NUMBER
Classification number 840.08
245 ## - TITLE STATEMENT
Title मंटो अदालत के कटघरे में /
Statement of responsibility, etc देवेन्द्र इस्सर द्वारा संपादित
246 ## - VARYING FORM OF TITLE
Title proper/short title Manto: Adalat Ke Katghare Mein
Remainder of title Edited by Devendra Issar
260 ## - PUBLICATION, DISTRIBUTION, ETC. (IMPRINT)
Place of publication, distribution, etc दिल्ली
Name of publisher, distributor, etc ऐरो पब्लिशर्स एण्ड डिस्ट्रीब्यूटर्स
Date of publication, distribution, etc 2008
270 ## - ADDRESS
Address 79,चन्दु पार्क, गली नं-20
City दिल्ली
Postal code 110051
300 ## - PHYSICAL DESCRIPTION
Extent 200 पृ
Dimensions 22सेमी (सजिल्द)
600 ## - SUBJECT ADDED ENTRY--PERSONAL NAME
Personal name मंटो, सआदत हसन, 1912-1955
600 ## - SUBJECT ADDED ENTRY--PERSONAL NAME
Personal name Manto, Saadat Hasan, 1912-1955
650 ## - SUBJECT ADDED ENTRY--TOPICAL TERM
Topical term or geographic name as entry element उर्दू साहित्य
General subdivision इतिहास एवं समालोचना
650 ## - SUBJECT ADDED ENTRY--TOPICAL TERM
Topical term or geographic name as entry element Urdu literature
General subdivision History and criticism
700 ## - ADDED ENTRY--PERSONAL NAME
Personal name इस्सर, देवेन्द्र
942 ## - ADDED ENTRY ELEMENTS (KOHA)
Source of classification or shelving scheme Dewey Decimal Classification
Item type Hindi Books
Call number suffix मंटोअ
Classification part 840.08
Holdings
Withdrawn status Lost status Source of classification or shelving scheme Damaged status Not for loan Home library Current library Date acquired Cost, normal purchase price Total Checkouts Full call number Barcode Date last seen Copy number Cost, replacement price Koha item type
    Dewey Decimal Classification   Not For Loan D.B.Act.Division D.B.Act.Division 10/11/2008 250.00   840.08 मंटोअ HN-57112 10/11/2008 1 250.00 Hindi Books

© Delhi Public Library
Hit Counter
free hit counter